KOHA-Header-6

APACHE (web Server Administration & e-Commerce (Record no. 8280)

000 -LEADER
fixed length control field 00280nam a2200109Ia 4500
100 ## - MAIN ENTRY--AUTHOR NAME
Personal name Scott Hawkins
245 #0 - TITLE STATEMENT
Title APACHE (web Server Administration & e-Commerce
260 ## - PUBLICATION, DISTRIBUTION, ETC. (IMPRINT)
Place of publication UK
Name of publisher Prentice Hall
Year of publication 1994
300 ## - PHYSICAL DESCRIPTION
Number of Pages 370
942 ## - ADDED ENTRY ELEMENTS (KOHA)
Koha item type Books
Holdings
Withdrawn status Lost status Collection code Permanent Location Current Location Shelving location Date acquired Full call number Accession Number Koha item type
    Computer Science MAJU MAJU Shelf No.A16 2019-09-13 005.12 2887 Computer Science

Powered by Koha